|
|
|
|
| LEADER |
01514nam a22003974a 4500 |
| 001 |
EBC422469 |
| 003 |
MiAaPQ |
| 005 |
20200520144314.0 |
| 006 |
m o d | |
| 007 |
cr cn||||||||| |
| 008 |
041116s2005 enka sb 001 0 eng |
| 010 |
|
|
|z 2004027318
|
| 020 |
|
|
|z 0199278652 (hbk. : acid-free paper)
|
| 020 |
|
|
|z 0199278695 (pbk. : acid-free paper)
|
| 035 |
|
|
|a (MiAaPQ)EBC422469
|
| 035 |
|
|
|a (Au-PeEL)EBL422469
|
| 035 |
|
|
|a (CaPaEBR)ebr10233702
|
| 035 |
|
|
|a (CaONFJC)MIL84406
|
| 035 |
|
|
|a (OCoLC)437108605
|
| 040 |
|
|
|a MiAaPQ
|c MiAaPQ
|d MiAaPQ
|
| 050 |
|
4 |
|a HB141
|b .R393 2005
|
| 082 |
0 |
4 |
|a 330/.01/51955
|2 22
|
| 245 |
0 |
0 |
|a Readings in unobserved components models
|h [electronic resource] /
|c edited by Andrew C. Harvey and Tommaso Proietti.
|
| 260 |
|
|
|a Oxford ;
|a New York :
|b Oxford University Press,
|c 2005.
|
| 300 |
|
|
|a xv, 458 p. :
|b ill.
|
| 490 |
1 |
|
|a Advanced texts in econometrics
|
| 504 |
|
|
|a Includes bibliographical references and indexes.
|
| 533 |
|
|
|a Electronic reproduction. Ann Arbor, MI : ProQuest, 2015. Available via World Wide Web. Access may be limited to ProQuest affiliated libraries.
|
| 650 |
|
0 |
|a Econometric models.
|
| 653 |
|
|
|a Unobserved components models
|
| 655 |
|
4 |
|a Electronic books.
|
| 700 |
1 |
|
|a Harvey, A. C.
|q (Andrew C.)
|
| 700 |
1 |
|
|a Proietti, Tommaso,
|d 1964-
|
| 710 |
2 |
|
|a ProQuest (Firm)
|
| 830 |
|
0 |
|a Advanced texts in econometrics.
|
| 856 |
4 |
0 |
|u https://ebookcentral.proquest.com/lib/matrademy/detail.action?docID=422469
|z Click to View
|